[Event "CYCC U14"]
[Site "Regina CAN"]
[Date "2019.07.08"]
[Round "3.110"]
[White "Landstrom, William"]
[Black "Qiu, Peter Yong"]
[Result "1-0"]
[WhiteElo "1676"]
[BlackElo "1421"]
[PlyCount "63"]
[EventDate "2019.07.07"]
[EventType "swiss"]
[EventRounds "7"]
[EventCountry "CAN"]

1. e4 e5 2. Nf3 Nc6 3. Bc4 Bc5 4. c3 Nf6 5. d3 d6 6. O-O O-O 7. Re1 Re8 8. b4
Bb6 9. a4 a5 10. b5 Ne7 11. Qb3 Rf8 12. Ng5 d5 13. exd5 Nexd5 14. Rxe5 Re8 15.
Rxe8+ Qxe8 16. Qd1 h6 17. Nf3 Bg4 18. Kf1 Qd7 19. d4 Re8 20. Bd3 Ne4 21. Bxe4
Rxe4 22. Ra2 Bh3 23. Ne1 Bxg2+ 24. Nxg2 Qh3 25. f3 Re3 26. Kf2 Nxc3 27. Nxc3
Rxc3 28. Bf4 Bxd4+ 29. Qxd4 Rxf3+ 30. Kg1 Qe6 31. Qd2 Qc4 32. Qe2 1-0

[Event "CYCC U14"]
[Site "Regina CAN"]
[Date "2019.07.08"]
[Round "3.111"]
[White "Ouellette, Alex"]
[Black "Yim, Justin"]
[Result "1-0"]
[WhiteElo "1333"]
[BlackElo "931"]
[PlyCount "111"]
[EventDate "2019.07.07"]
[EventType "swiss"]
[EventRounds "7"]
[EventCountry "CAN"]

1. e4 e5 2. Nf3 Nc6 3. d4 Nxd4 4. Nxd4 exd4 5. Qxd4 Nf6 6. Bg5 d6 7. Nd2 Be7 8.
Bd3 O-O 9. f3 Re8 10. O-O-O d5 11. Bxf6 Bxf6 12. Qxd5 Be6 13. Qxd8 Raxd8 14. a3
Rd6 15. f4 Rb6 16. e5 Be7 17. h3 Ba2 18. Bc4 Bxc4 19. Nxc4 Rc6 20. Ne3 Bc5 21.
Nf5 Bf2 22. Ne7+ Kf8 23. Nxc6 bxc6 24. Rhf1 Be3+ 25. Kb1 Rb8 26. Rf3 Bc5 27.
Rd7 Ke8 28. Rxc7 Bd4 29. Rb3 Rxb3 30. cxb3 Be3 31. Rxc6 Bxf4 32. e6 f6 33. Kc2
Ke7 34. a4 Bd6 35. Ra6 Kxe6 36. Rxa7 f5 37. Rxg7 h5 38. Rh7 f4 39. Rxh5 f3 40.
gxf3 Be5 41. Rxe5+ Kxe5 42. a5 Kd6 43. h4 Kc6 44. h5 Kb5 45. h6 Kxa5 46. h7 Kb5
47. h8=Q Kc5 48. Qe5+ Kc6 49. Kc3 Kb7 50. Qf6 Kc7 51. Kc4 Kd7 52. Kd5 Kc7 53.
Qg6 Kd7 54. Qg7+ Kd8 55. Kd6 Ke8 56. Qe7# 1-0

[Event "CYCC U14"]
[Site "Regina CAN"]
[Date "2019.07.08"]
[Round "3.112"]
[White "Roberts, Rajan"]
[Black "Lei, Yanyu"]
[Result "0-1"]
[WhiteElo "916"]
[BlackElo "1574"]
[PlyCount "46"]
[EventDate "2019.07.07"]
[EventType "swiss"]
[EventRounds "7"]
[EventCountry "CAN"]

1. d4 Nf6 2. Nf3 g6 3. e3 Bg7 4. c4 O-O 5. Bd3 d5 6. c5 Bg4 7. O-O Nc6 8. a3 a6
9. b4 e5 10. Be2 exd4 11. Nxd4 Bxe2 12. Nxc6 Bxd1 13. Nxd8 Be2 14. Re1 Bc4 15.
Nc3 Raxd8 16. Bb2 Ne4 17. Rac1 Nxc3 18. Bxc3 Bxc3 19. Rxc3 Rfe8 20. h3 Bb5 21.
f3 d4 22. Rb3 d3 23. e4 d2 0-1

[Event "CYCC U14"]
[Site "Regina CAN"]
[Date "2019.07.08"]
[Round "3.113"]
[White "He, Jinglai"]
[Black "Taylor, Joey"]
[Result "1-0"]
[WhiteElo "1233"]
[BlackElo "995"]
[PlyCount "47"]
[EventDate "2019.07.07"]
[EventType "swiss"]
[EventRounds "7"]
[EventCountry "CAN"]

1. d4 Nc6 2. e4 e5 3. d5 Na5 4. Bd2 b6 5. Nf3 d6 6. Bxa5 bxa5 7. Qd2 Nf6 8.
Qxa5 c6 9. Qa4 Bd7 10. dxc6 Be6 11. c7+ Qd7 12. Bb5 Rc8 13. Bxd7+ Bxd7 14. Qxa7
Bc6 15. Qb8 Kd7 16. b4 d5 17. b5 Ba8 18. Nxe5+ Ke6 19. Qxc8+ Nd7 20. Qxd7+ Kf6
21. Qxf7+ Kxe5 22. Qf5+ Kd4 23. c8=Q g6 24. Qc3# 1-0

[Event "CYCC U14"]
[Site "Regina CAN"]
[Date "2019.07.08"]
[Round "4.101"]
[White "Zhao, Ian"]
[Black "Huang, Patrick"]
[Result "1-0"]
[WhiteElo "2343"]
[BlackElo "2234"]
[PlyCount "81"]
[EventDate "2019.07.07"]
[EventType "swiss"]
[EventRounds "7"]
[EventCountry "CAN"]

1. e4 g6 2. d4 Bg7 3. Nc3 c6 4. h3 d6 5. Nge2 e5 6. g3 Nd7 7. a4 Ngf6 8. Bg2
O-O 9. O-O Re8 10. Re1 a5 11. Be3 Rb8 12. Qd2 exd4 13. Nxd4 Nb6 14. b3 Be6 15.
Rad1 d5 16. e5 Nfd7 17. Bf4 Qc8 18. Kh2 Nc5 19. g4 Ra8 20. Bg3 Na6 21. f4 Nc7
22. Qf2 Bd7 23. Nxc6 Nxa4 24. Nxa4 bxc6 25. Nb6 Qb7 26. Nxd7 Nb5 27. Nf6+ Bxf6
28. exf6 Nc3 29. Rxe8+ Rxe8 30. Re1 Ne4 31. Bxe4 dxe4 32. f5 Qb4 33. fxg6 hxg6
34. Qe3 Re6 35. Rd1 Kh7 36. g5 c5 37. Qf4 e3 38. Qxb4 cxb4 39. Re1 Rc6 40. Re2
Rc5 41. Bf4 1-0

[Event "CYCC U14"]
[Site "Regina CAN"]
[Date "2019.07.08"]
[Round "4.102"]
[White "Issani, Nameer"]
[Black "Wu, Tony"]
[Result "1-0"]
[WhiteElo "2248"]
[BlackElo "2013"]
[PlyCount "141"]
[EventDate "2019.07.07"]
[EventType "swiss"]
[EventRounds "7"]
[EventCountry "CAN"]

1. Nf3 Nf6 2. g3 b6 3. Bg2 Bb7 4. O-O e6 5. c4 Be7 6. Nc3 Bb4 7. d3 O-O 8. Qc2
Bxc3 9. Qxc3 d6 10. Nd2 Bxg2 11. Kxg2 Nbd7 12. e4 c5 13. f4 Qc7 14. Nf3 Nb8 15.
b4 cxb4 16. Qxb4 Na6 17. Qd2 Nd7 18. Bb2 e5 19. f5 f6 20. g4 Nac5 21. Kh1 b5
22. Rac1 bxc4 23. Rxc4 Qb7 24. g5 Rab8 25. Ba3 Qa6 26. Bxc5 Nxc5 27. gxf6 Rxf6
28. Nxe5 Nxe4 29. dxe4 dxe5 30. Qd5+ Rf7 31. Rfc1 Qb7 32. Qxe5 Re7 33. Qxb8+
Qxb8 34. Rc8+ Qxc8 35. Rxc8+ Kf7 36. Rc4 Rb7 37. Ra4 Kf6 38. Kg2 Rc7 39. Kf3
Kg5 40. Ke3 Rd7 41. Ra5 Kg4 42. a4 h5 43. Ra6 h4 44. Rg6+ Kh3 45. e5 Kxh2 46.
e6 Rb7 47. Rxg7 Rxg7 48. f6 Rg3+ 49. Kf4 Kg2 50. e7 Rf3+ 51. Kg4 h3 52. e8=Q
Rg3+ 53. Kh4 Kf2 54. Qe1+ Kxe1 55. Kxg3 Kd2 56. f7 Kc3 57. f8=Q Kb3 58. Qf4 a5
59. Kxh3 Ka3 60. Qc4 Kb2 61. Qb5+ Ka3 62. Qxa5 Kb3 63. Qb5+ Kc3 64. a5 Kd4 65.
a6 Ke4 66. a7 Kd4 67. a8=R Kc3 68. Ra4 Kc2 69. Ra3 Kc1 70. Ra2 Kd1 71. Qf1# 1-0

[Event "CYCC U14"]
[Site "Regina CAN"]
[Date "2019.07.08"]
[Round "4.103"]
[White "Tanaka, Tyler"]
[Black "Gao, Raymond"]
[Result "1/2-1/2"]
[WhiteElo "2235"]
[BlackElo "1994"]
[PlyCount "112"]
[EventDate "2019.07.07"]
[EventType "swiss"]
[EventRounds "7"]
[EventCountry "CAN"]

1. Nf3 Nf6 2. g3 g6 3. Bg2 Bg7 4. O-O O-O 5. d4 d6 6. b3 e5 7. Bb2 Nc6 8. dxe5
Ng4 9. Nc3 Ngxe5 10. Nxe5 dxe5 11. e4 Be6 12. Qxd8 Raxd8 13. Nd5 Rd7 14. Rfd1
f5 15. Bh3 Kf7 16. exf5 Bxf5 17. Bxf5 gxf5 18. Ne3 Ke6 19. Rxd7 Kxd7 20. f3 Ke6
21. Rd1 Rd8 22. Rxd8 Nxd8 23. Kf2 Nc6 24. a3 Bf8 25. g4 fxg4 26. fxg4 Bc5 27.
Kf3 Nd4+ 28. Ke4 Nb5 29. Nc4 Nd6+ 30. Nxd6 cxd6 31. c4 Kf6 32. Bc1 Ke6 33. b4
Bf2 34. Bg5 Be1 35. h4 a5 36. bxa5 Bxa5 37. a4 Bc3 38. h5 Bb2 39. Bd8 Bc1 40.
g5 Kd7 41. Bf6 Ke6 42. h6 Kf7 43. Kf5 Bd2 44. Bd8 Bc1 45. Bf6 Ba3 46. Bd8 Bc1
47. Bc7 Ba3 48. Bb6 Bb4 49. Be3 Ba5 50. Bc1 Bb4 51. Be3 Ba3 52. Bd2 Bc5 53. Bc3
Ba3 54. Bd2 Bc5 55. Bc1 Bb4 56. Be3 Ba3 1/2-1/2

[Event "CYCC U14"]
[Site "Regina CAN"]
[Date "2019.07.08"]
[Round "4.104"]
[White "Chakkoli, Anirud"]
[Black "Doknjas, Neil"]
[Result "0-1"]
[WhiteElo "1726"]
[BlackElo "2102"]
[PlyCount "71"]
[EventDate "2019.07.07"]
[EventType "swiss"]
[EventRounds "7"]
[EventCountry "CAN"]

1. e4 c5 2. Nf3 d6 3. d4 cxd4 4. Nxd4 Nf6 5. Nc3 a6 6. Bg5 e6 7. f4 Qb6 8. Qd2
Nc6 9. Nb3 Bd7 10. O-O-O Ng4 11. Re1 Nf2 12. Rg1 Nxe4 13. Nxe4 Qxg1 14. Nxd6+
Bxd6 15. Qxd6 f6 16. Nc5 Qd4 17. Qxd4 Nxd4 18. Bh4 O-O-O 19. Bf2 e5 20. Bc4 Bb5
21. Bxb5 Nxb5 22. fxe5 fxe5 23. Ne6 Rd6 24. Nxg7 Rg8 25. Nf5 Re6 26. Bg3 e4 27.
a4 Nc7 28. Rxe4 Rxe4 29. Nd6+ Kd8 30. Nxe4 Nd5 31. Kd2 Rg4 32. Nc5 Kc8 33. b3
h5 34. Ke2 h4 35. Kf3 hxg3 36. hxg3 0-1

[Event "CYCC U14"]
[Site "Regina CAN"]
[Date "2019.07.08"]
[Round "4.105"]
[White "Windram, James"]
[Black "Landstrom, William"]
[Result "1-0"]
[WhiteElo "2100"]
[BlackElo "1676"]
[PlyCount "49"]
[EventDate "2019.07.07"]
[EventType "swiss"]
[EventRounds "7"]
[EventCountry "CAN"]

1. e4 d6 2. d4 Nf6 3. Nc3 e5 4. Nge2 Qe7 5. f3 Nbd7 6. Be3 b6 7. Qd2 Bb7 8. g4
g6 9. h4 h5 10. g5 Nh7 11. O-O-O exd4 12. Bxd4 Ne5 13. Bg2 c5 14. Bxe5 dxe5 15.
Bh3 Rd8 16. Qxd8+ Qxd8 17. Rxd8+ Kxd8 18. Rd1+ Ke8 19. Bd7+ Ke7 20. Bb5 Bc8 21.
Nd5+ Ke6 22. Bc4 Bb7 23. Nf6+ Bd5 24. Nxd5 Kd6 25. Nxb6+ 1-0

[Event "CYCC U14"]
[Site "Regina CAN"]
[Date "2019.07.08"]
[Round "4.106"]
[White "Xiang, Christopher"]
[Black "Noorali, Aahil"]
[Result "0-1"]
[WhiteElo "1732"]
[BlackElo "2078"]
[PlyCount "94"]
[EventDate "2019.07.07"]
[EventType "swiss"]
[EventRounds "7"]
[EventCountry "CAN"]

1. e4 e5 2. Nf3 Nc6 3. d4 exd4 4. Nxd4 Bc5 5. Nxc6 Qf6 6. Qf3 bxc6 7. Be2 Qxf3
8. Bxf3 Ba6 9. Be2 Bxe2 10. Kxe2 O-O-O 11. Re1 Re8 12. Kf1 Nf6 13. Nc3 d5 14.
f3 h6 15. e5 Nd7 16. Na4 Bb4 17. c3 Ba5 18. f4 g5 19. b4 Bb6 20. Nxb6+ cxb6 21.
g3 gxf4 22. gxf4 Re6 23. Be3 Rg8 24. Kf2 f6 25. Rg1 Rge8 26. Rg6 fxe5 27. f5
Rf6 28. Rxf6 Nxf6 29. Ke2 h5 30. Rg1 Rg8 31. Rg6 Rxg6 32. fxg6 Kd7 33. Bg5 Ng8
34. Kf3 Ke6 35. Bd8 Kf5 36. g7 Kg6 37. Bc7 e4+ 38. Kf4 Kxg7 39. Bb8 Kf6 40.
Bxa7 b5 41. Bd4+ Ke6 42. Kg5 Ne7 43. Kxh5 Kf5 44. Be3 Ng6 45. h4 Nf4+ 46. Kh6
Ng2 47. Bf2 e3 0-1

[Event "CYCC U14"]
[Site "Regina CAN"]
[Date "2019.07.08"]
[Round "4.107"]
[White "Qiu, Andrew Yu"]
[Black "Superceanu, Andi"]
[Result "0-1"]
[WhiteElo "1454"]
[BlackElo "1929"]
[PlyCount "128"]
[EventDate "2019.07.07"]
[EventType "swiss"]
[EventRounds "7"]
[EventCountry "CAN"]

1. e4 c5 2. Nf3 Nc6 3. d4 cxd4 4. Nxd4 g6 5. c4 Bg7 6. Be3 Nf6 7. Nc3 O-O 8.
Be2 d6 9. O-O Bd7 10. f3 Nxd4 11. Bxd4 a5 12. b3 Bc6 13. Qd2 Nd7 14. Bxg7 Kxg7
15. Bd3 Nc5 16. Bc2 Qb6 17. Kh1 Rfd8 18. Nd5 Bxd5 19. exd5 e5 20. dxe6 fxe6 21.
Qe3 Qc7 22. Rad1 e5 23. Rd5 Ne6 24. Rdd1 Rf8 25. Rf2 Rf6 26. Be4 Nd4 27. Bd5
Raf8 28. Rfd2 b6 29. Rf2 h6 30. Rdf1 g5 31. Qe4 Qd7 32. Qe1 h5 33. Qe3 Qf5 34.
Be4 Qf4 35. Qxf4 Rxf4 36. h3 Ne6 37. Kg1 Nc5 38. g3 R4f6 39. Kg2 Ne6 40. Bd5
Nd4 41. Be4 Kh6 42. Rd1 R8f7 43. Rh1 Rf8 44. Bd5 Nf5 45. Re1 h4 46. g4 Nd4 47.
Ref1 Rf4 48. Kg1 Kg7 49. Kg2 Kf6 50. Rb1 Ne6 51. b4 Nc7 52. bxa5 Nxd5 53. cxd5
bxa5 54. Re2 Rd4 55. Rb5 a4 56. Kf2 Rc8 57. Ke3 Rc3+ 58. Kf2 Rdd3 59. Kg2 Rxf3
60. Rb8 Rg3+ 61. Kf2 Rxh3 62. Rb6 Rh2+ 63. Kf1 Rc1+ 64. Re1 Rh1+ 0-1

[Event "CYCC U14"]
[Site "Regina CAN"]
[Date "2019.07.08"]
[Round "4.108"]
[White "Imoo, Joshua"]
[Black "England, Max"]
[Result "0-1"]
[WhiteElo "1552"]
[BlackElo "2038"]
[PlyCount "114"]
[EventDate "2019.07.07"]
[EventType "swiss"]
[EventRounds "7"]
[EventCountry "CAN"]

1. e4 e5 2. Nf3 Nc6 3. Bc4 Bc5 4. d3 Nf6 5. O-O d6 6. c3 a6 7. Bb3 O-O 8. h3
Ba7 9. Re1 Ne7 10. Nbd2 Ng6 11. Nf1 c6 12. Ng3 Bd7 13. d4 h6 14. Be3 Qc7 15.
Qd2 Kh7 16. a4 Rae8 17. Bc2 c5 18. d5 Ng8 19. b4 N8e7 20. Nf5 Ng8 21. Ng3 N6e7
22. Rab1 b5 23. a5 f5 24. exf5 Nxf5 25. Nh4 g6 26. Nhxf5 Bxf5 27. Nxf5 gxf5 28.
f4 cxb4 29. cxb4 exf4 30. Bxa7 Qxa7+ 31. Kh1 Re3 32. Rf1 f3 33. Rxf3 Rxf3 34.
gxf3 Qf7 35. Rg1 Ne7 36. Bb3 Qh5 37. Kh2 Qxf3 38. Qe1 Qe4 39. Qxe4 fxe4 40. Re1
Rf4 41. Kg3 Rf3+ 42. Kg2 Rxb3 43. Rxe4 Nxd5 44. Rd4 Ne3+ 45. Kf2 Nc4 46. Re4
Rxb4 47. Re7+ Kg6 48. Ra7 Nxa5 49. Rxa6 Nc4 50. Kg3 Rb3+ 51. Kg4 Ra3 52. Rc6
Ne5+ 53. Kh4 Nxc6 54. Kg4 Nd4 55. Kh4 Rf3 56. Kg4 h5+ 57. Kh4 Nf5# 0-1

[Event "CYCC U14"]
[Site "Regina CAN"]
[Date "2019.07.08"]
[Round "4.109"]
[White "Wang, Paul"]
[Black "Yoker, Callum"]
[Result "1-0"]
[WhiteElo "2104"]
[BlackElo "1344"]
[PlyCount "63"]
[EventDate "2019.07.07"]
[EventType "swiss"]
[EventRounds "7"]
[EventCountry "CAN"]

1. e4 c5 2. Nf3 Nc6 3. Bb5 Na5 4. d4 a6 5. Be2 cxd4 6. Nxd4 Nc6 7. Nc3 d6 8.
Be3 Nf6 9. g4 e6 10. g5 Nd7 11. f4 Be7 12. h4 Qc7 13. Qd2 b5 14. a3 Bb7 15. Rf1
O-O 16. O-O-O Nxd4 17. Bxd4 e5 18. Be3 exf4 19. Bxf4 Ne5 20. h5 Rac8 21. Kb1
Rfd8 22. Bd3 Qc5 23. Be3 Qc7 24. Rf5 g6 25. hxg6 hxg6 26. Rff1 Nxd3 27. Qxd3
Qc4 28. Qd2 Kf8 29. Bd4 Qe6 30. Nd5 Bxd5 31. exd5 Qg4 32. Qf2 1-0

[Event "CYCC U14"]
[Site "Regina CAN"]
[Date "2019.07.08"]
[Round "4.110"]
[White "Lei, Yanyu"]
[Black "Ouellette, Alex"]
[Result "1/2-1/2"]
[WhiteElo "1574"]
[BlackElo "1333"]
[PlyCount "62"]
[EventDate "2019.07.07"]
[EventType "swiss"]
[EventRounds "7"]
[EventCountry "CAN"]

1. d4 c5 2. d5 Nf6 3. c4 d6 4. Nc3 g6 5. Bg5 Bg7 6. Qd2 Bf5 7. Bh6 O-O 8. Bxg7
Kxg7 9. Nf3 Na6 10. Nh4 Bd7 11. e4 e5 12. Nf3 Nc7 13. Bd3 Nh5 14. g3 a6 15. a4
Rb8 16. Nh4 h6 17. Ng2 Bh3 18. Rg1 Bxg2 19. Rxg2 Qd7 20. f4 exf4 21. gxf4 Qh3
22. f5 Nf4 23. Rg3 Nxd3+ 24. Rxd3 Qh4+ 25. Rg3 Rbe8 26. O-O-O g5 27. Qf2 f6 28.
Rd2 Kf7 29. Rdd3 Rh8 30. Rdf3 g4 31. Rf4 Reg8 1/2-1/2

[Event "CYCC U14"]
[Site "Regina CAN"]
[Date "2019.07.08"]
[Round "4.112"]
[White "Qiu, Peter Yong"]
[Black "He, Jinglai"]
[Result "0-1"]
[WhiteElo "1421"]
[BlackElo "1233"]
[PlyCount "80"]
[EventDate "2019.07.07"]
[EventType "swiss"]
[EventRounds "7"]
[EventCountry "CAN"]

1. e4 e5 2. Nf3 Nc6 3. Bc4 Bc5 4. c3 Nf6 5. d3 h6 6. a4 a6 7. Nbd2 d6 8. Nf1
Be6 9. Bxe6 fxe6 10. Qb3 Qc8 11. Ng3 Rb8 12. O-O b5 13. axb5 Rxb5 14. Qa4 Qd7
15. Qxa6 Rb6 16. Qa4 Rb7 17. Qc2 O-O 18. b4 Ba7 19. h3 d5 20. Re1 d4 21. Bd2
dxc3 22. Bxc3 Bd4 23. Rab1 Rfb8 24. Rec1 Nxb4 25. Bxb4 Rxb4 26. Rxb4 Rxb4 27.
Rb1 c5 28. Rxb4 cxb4 29. Qc4 Qa7 30. Qxe6+ Kh8 31. Qc8+ Kh7 32. Qf5+ Kh8 33.
Nxe5 Qa1+ 34. Kh2 Bxe5 35. f4 Bd4 36. Ne2 b3 37. Nxd4 Qxd4 38. e5 Ng8 39. e6
Qf6 40. Qb5 Qxe6 0-1

[Event "CYCC U14"]
[Site "Regina CAN"]
[Date "2019.07.08"]
[Round "4.113"]
[White "Yim, Justin"]
[Black "Roberts, Rajan"]
[Result "0-1"]
[WhiteElo "931"]
[BlackElo "918"]
[PlyCount "50"]
[EventDate "2019.07.07"]
[EventType "swiss"]
[EventRounds "7"]
[EventCountry "CAN"]

1. e4 d6 2. d4 Nf6 3. Nc3 Nbd7 4. Nf3 e6 5. Bd3 Be7 6. Bg5 O-O 7. O-O d5 8. e5
Ne8 9. Bxe7 Qxe7 10. Qd2 c5 11. Ne2 c4 12. Bxh7+ Kxh7 13. Ng5+ Kg8 14. Qf4 f6
15. exf6 Nexf6 16. h4 e5 17. dxe5 Qxe5 18. Qxe5 Nxe5 19. Nf4 Re8 20. Rfe1 Bf5
21. Rac1 d4 22. Nge6 Bxe6 23. Rxe5 Bg4 24. Rxe8+ Rxe8 25. Rd1 Bxd1 0-1

[Event "CYCC U14"]
[Site "Regina CAN"]
[Date "2019.07.09"]
[Round "5.101"]
[White "Issani, Nameer"]
[Black "Zhao, Ian"]
[Result "0-1"]
[WhiteElo "2248"]
[BlackElo "2343"]
[PlyCount "90"]
[EventDate "2019.07.07"]
[EventType "swiss"]
[EventRounds "7"]
[EventCountry "CAN"]

1. Nf3 Nf6 2. g3 e6 3. Bg2 d5 4. O-O c5 5. d3 Nc6 6. Nbd2 Be7 7. e4 O-O 8. Re1
Qc7 9. Nf1 b5 10. e5 Nd7 11. Bf4 Bb7 12. h4 Rfc8 13. N1h2 Qd8 14. Qd2 b4 15. g4
c4 16. g5 c3 17. bxc3 bxc3 18. Qc1 Rab8 19. h5 Nf8 20. Ng4 g6 21. Nf6+ Kg7 22.
Kh2 Ba6 23. Rh1 Bc5 24. Kg3 Ne7 25. Rh2 Nf5+ 26. Kg4 Rb4 27. hxg6 Nxg6 28. d4
Bxd4 29. Qa3 Rcc4 30. Rb1 Bc5 31. Rxb4 Rxb4 32. Rxh7+ Kf8 33. Qxa6 Bxf2 34. Kh3
Nxf4+ 35. Kh2 Ng6 36. Qa3 Bc5 37. Qxc3 Rc4 38. Qb3 Rb4 39. Qd3 Qc7 40. Bh3 Rf4
41. Bxf5 Rxf5 42. Ng4 Nxe5 43. Nfxe5 Bd6 44. Rh8+ Ke7 45. Qb5 Bxe5+ 0-1

[Event "CYCC U14"]
[Site "Regina CAN"]
[Date "2019.07.09"]
[Round "5.102"]
[White "Noorali, Aahil"]
[Black "Tanaka, Tyler"]
[Result "1/2-1/2"]
[WhiteElo "2078"]
[BlackElo "2235"]
[PlyCount "95"]
[EventDate "2019.07.07"]
[EventType "swiss"]
[EventRounds "7"]
[EventCountry "CAN"]

1. d4 Nf6 2. c4 g6 3. Nc3 Bg7 4. e4 d6 5. f3 O-O 6. Be3 Nc6 7. Nge2 a6 8. Ng3
e5 9. d5 Nd4 10. Be2 c5 11. dxc6 bxc6 12. O-O Rb8 13. Rb1 a5 14. f4 Nxe2+ 15.
Qxe2 Ng4 16. f5 Qh4 17. h3 Nxe3 18. Qxe3 Bh6 19. Qf3 Ba6 20. b3 Rbd8 21. Rfd1
Qf4 22. Rd3 Qxf3 23. gxf3 Rfe8 24. Rbd1 Bf8 25. R3d2 f6 26. h4 Kf7 27. fxg6+
hxg6 28. h5 Bc8 29. hxg6+ Kxg6 30. Na4 Be7 31. Nc3 Rh8 32. Rg2 Kf7 33. Kf2 Rdg8
34. Nf5 Rxg2+ 35. Kxg2 Bxf5 36. exf5 Ke8 37. Ne4 Kd7 38. Nxd6 Kc7 39. Ne4 Rh5
40. Ng3 Rh8 41. Rh1 Rxh1 42. Kxh1 Kb6 43. Ne4 a4 44. Kg2 axb3 45. axb3 Ka5 46.
Kf2 Kb4 47. Ke2 Kxb3 48. Kd3 1/2-1/2

[Event "CYCC U14"]
[Site "Regina CAN"]
[Date "2019.07.09"]
[Round "5.103"]
[White "Huang, Patrick"]
[Black "Windram, James"]
[Result "1-0"]
[WhiteElo "2234"]
[BlackElo "2100"]
[PlyCount "55"]
[EventDate "2019.07.07"]
[EventType "swiss"]
[EventRounds "7"]
[EventCountry "CAN"]

1. d4 Nf6 2. Bf4 g6 3. Nc3 d5 4. e3 c6 5. Nf3 Nbd7 6. h4 h5 7. Be2 Bg7 8. Nh2
b5 9. g4 hxg4 10. Nxg4 Nxg4 11. Bxg4 Nf6 12. Bf3 Nh5 13. Bh2 Bf5 14. Qe2 Qa5
15. Kf1 b4 16. Nb1 Rd8 17. c4 Bxb1 18. Rxb1 Qxa2 19. Kg2 Qa6 20. Ra1 Qb7 21.
cxd5 cxd5 22. Rhc1 Nf6 23. Rc7 Qb6 24. Ra6 Qb8 25. Raxa7 Nd7 26. Rxd7 Qb6 27.
Bc7 Rxd7 28. Ra8+ 1-0

[Event "CYCC U14"]
[Site "Regina CAN"]
[Date "2019.07.09"]
[Round "5.104"]
[White "Gao, Raymond"]
[Black "Doknjas, Neil"]
[Result "1/2-1/2"]
[WhiteElo "1994"]
[BlackElo "2102"]
[PlyCount "127"]
[EventDate "2019.07.07"]
[EventType "swiss"]
[EventRounds "7"]
[EventCountry "CAN"]

1. e4 c5 2. Nf3 d6 3. d4 cxd4 4. Nxd4 Nf6 5. Nc3 a6 6. Bc4 e6 7. Bb3 b5 8. Bg5
Be7 9. Qf3 Qb6 10. O-O-O O-O 11. Be3 Qc7 12. g4 b4 13. Nce2 Bb7 14. Ng3 Nbd7
15. g5 Ne5 16. Qe2 Nxe4 17. Nxe4 Bxe4 18. Rhg1 d5 19. f3 Bg6 20. h4 Bh5 21. Qg2
Bc5 22. Rdf1 Nc4 23. Bxc4 Bxd4 24. Bxd4 Qxc4 25. Qd2 Rfc8 26. b3 Qc7 27. Rg2
Bg6 28. Rh1 Bxc2 29. Kb2 Qa5 30. Qe3 Bf5 31. g6 hxg6 32. h5 Rc3 33. Bxc3 bxc3+
34. Qxc3 Qxc3+ 35. Kxc3 gxh5 36. Rxh5 f6 37. Rgh2 Kf7 38. Rh8 Ra7 39. Kd4 Rd7
40. Ra8 e5+ 41. Kc5 Bd3 42. a4 g5 43. b4 Ke6 44. b5 axb5 45. Ra6+ Kf5 46. axb5
Rb7 47. Rb6 Rxb6 48. Kxb6 e4 49. fxe4+ dxe4 50. Kc5 Bxb5 51. Kxb5 e3 52. Kc4
Ke4 53. Kc3 f5 54. Kc2 f4 55. Kd1 f3 56. Ke1 g4 57. Rh4 Kf4 58. Kf1 Kg3 59. Rh8
f2 60. Ke2 Kg2 61. Rf8 g3 62. Rf3 Kh2 63. Kxe3 Kh1 64. Rxf2 1/2-1/2

[Event "CYCC U14"]
[Site "Regina CAN"]
[Date "2019.07.09"]
[Round "5.105"]
[White "Wu, Tony"]
[Black "England, Max"]
[Result "1-0"]
[WhiteElo "2013"]
[BlackElo "2038"]
[PlyCount "77"]
[EventDate "2019.07.07"]
[EventType "swiss"]
[EventRounds "7"]
[EventCountry "CAN"]

1. d4 Nf6 2. c4 e6 3. g3 Bb4+ 4. Bd2 Qe7 5. Bg2 O-O 6. Nf3 Bxd2+ 7. Qxd2 d6 8.
O-O Re8 9. Nc3 e5 10. dxe5 dxe5 11. Rfd1 c6 12. Qd6 Nbd7 13. b4 Qxd6 14. Rxd6
Nb6 15. Nd2 Be6 16. c5 Nbd5 17. Nxd5 cxd5 18. Nb3 Re7 19. Na5 Ne8 20. Rxd5 Bxd5
21. Bxd5 Rb8 22. e4 Nf6 23. Nc4 Rd8 24. Rd1 Kf8 25. f3 Nxd5 26. exd5 e4 27. d6
Re6 28. Na5 Rd7 29. Nxb7 e3 30. c6 e2 31. Re1 Rdxd6 32. Nxd6 Rxd6 33. b5 Re6
34. Kf2 Re5 35. a4 a6 36. Rxe2 Rc5 37. Rb2 axb5 38. axb5 Ke7 39. b6 1-0

[Event "CYCC U14"]
[Site "Regina CAN"]
[Date "2019.07.09"]
[Round "5.106"]
[White "Superceanu, Andi"]
[Black "Xiang, Christopher"]
[Result "0-1"]
[WhiteElo "1929"]
[BlackElo "1732"]
[PlyCount "100"]
[EventDate "2019.07.07"]
[EventType "swiss"]
[EventRounds "7"]
[EventCountry "CAN"]

1. e4 c5 2. Nf3 d6 3. d4 cxd4 4. Nxd4 Nf6 5. Nc3 g6 6. Be3 Bg7 7. f3 O-O 8. Qd2
Nc6 9. g4 Be6 10. Nxe6 fxe6 11. O-O-O Ne5 12. Be2 Qa5 13. h4 Rfc8 14. Kb1 Nc4
15. Bxc4 Rxc4 16. Bh6 Bxh6 17. Qxh6 Rac8 18. Rd3 R8c5 19. Qd2 b5 20. Nd5 Qxd2
21. Nxf6+ exf6 22. Rxd2 d5 23. Rhd1 Rc7 24. exd5 exd5 25. c3 Rf4 26. Rxd5 Rxf3
27. Rd8+ Kg7 28. R1d7+ Rxd7 29. Rxd7+ Kh6 30. Rxa7 Rg3 31. c4 bxc4 32. a4 Rxg4
33. a5 Rxh4 34. a6 Rh5 35. Rf7 Ra5 36. Rxf6 Kg5 37. Rd6 h5 38. Kc2 Kf5 39. Kc3
Ra4 40. Rc6 g5 41. Rc5+ Kf6 42. Rc6+ Ke7 43. Rh6 h4 44. Rg6 h3 45. Rxg5 Rxa6
46. Rh5 Rb6 47. Rxh3 Rb3+ 48. Kxc4 Rxh3 49. b4 Kd6 50. Kb5 Kc7 0-1

[Event "CYCC U14"]
[Site "Regina CAN"]
[Date "2019.07.09"]
[Round "5.107"]
[White "He, Jinglai"]
[Black "Wang, Paul"]
[Result "0-1"]
[WhiteElo "1233"]
[BlackElo "2104"]
[PlyCount "80"]
[EventDate "2019.07.07"]
[EventType "swiss"]
[EventRounds "7"]
[EventCountry "CAN"]

1. e4 e5 2. Nf3 Nc6 3. Nc3 Nf6 4. Bc4 Bc5 5. d3 h6 6. Nd5 d6 7. h3 a6 8. a3
Nxd5 9. Bxd5 Ne7 10. Bb3 O-O 11. Qe2 Ng6 12. Be3 Bxe3 13. fxe3 c6 14. O-O Be6
15. Bxe6 fxe6 16. c3 d5 17. exd5 exd5 18. Nd2 Qb6 19. Nf3 Nf4 20. Qd2 e4 21.
dxe4 dxe4 22. Nd4 Nd3 23. b4 Rae8 24. Kh1 c5 25. Nc2 Qg6 26. Qe2 Qg3 27. Kg1
Ne5 28. Kh1 Nd3 29. Kg1 Qe5 30. Qd2 Rd8 31. Rxf8+ Rxf8 32. Rf1 Rxf1+ 33. Kxf1
Qh2 34. Ne1 Qh1+ 35. Ke2 Nxe1 36. Qxe1 Qxg2+ 37. Kd1 cxb4 38. cxb4 Qxh3 39. Qc3
Qf1+ 40. Kd2 Qd3+ 0-1

[Event "CYCC U14"]
[Site "Regina CAN"]
[Date "2019.07.09"]
[Round "5.109"]
[White "Chakkoli, Anirud"]
[Black "Lei, Yanyu"]
[Result "1-0"]
[WhiteElo "1726"]
[BlackElo "1574"]
[PlyCount "65"]
[EventDate "2019.07.07"]
[EventType "swiss"]
[EventRounds "7"]
[EventCountry "CAN"]

1. e4 c5 2. Nf3 d6 3. d4 cxd4 4. Nxd4 Nf6 5. Nc3 g6 6. Be3 Qa5 7. f3 Bg7 8. Qd2
O-O 9. h4 Nc6 10. O-O-O Nxd4 11. Bxd4 Be6 12. a3 a6 13. h5 Nxh5 14. Bxg7 Kxg7
15. g4 Nf6 16. Qh6+ Kg8 17. Bd3 Qe5 18. Ne2 Qc5 19. Ng3 Qe5 20. f4 Qd4 21. g5
Nh5 22. Nxh5 gxh5 23. e5 Qxf4+ 24. Kb1 Bf5 25. Rdf1 Qxe5 26. Bxf5 Qg7 27. Qxh5
Rfd8 28. Bxh7+ Kf8 29. Bf5 Qe5 30. Bd7 Qg7 31. Rxf7+ Qxf7 32. Qh8+ Qg8 33. Rf1#
1-0

[Event "CYCC U14"]
[Site "Regina CAN"]
[Date "2019.07.09"]
[Round "5.110"]
[White "Ouellette, Alex"]
[Black "Qiu, Andrew Yu"]
[Result "1-0"]
[WhiteElo "1333"]
[BlackElo "1454"]
[PlyCount "71"]
[EventDate "2019.07.07"]
[EventType "swiss"]
[EventRounds "7"]
[EventCountry "CAN"]

1. e4 e5 2. Nf3 Nc6 3. d4 exd4 4. Nxd4 Bc5 5. c3 Qf6 6. Be3 Bb6 7. Bc4 Nge7 8.
Bb3 d6 9. O-O Bd7 10. Na3 a6 11. Nxc6 bxc6 12. Bxb6 cxb6 13. Nc4 Nc8 14. Re1
Qe7 15. Qd4 O-O 16. Rad1 Rd8 17. Nxb6 c5 18. Nxc8 Bxc8 19. Qd3 Bb7 20. Bd5 Rab8
21. Bxb7 Qxb7 22. b3 Qc8 23. c4 Qe6 24. Qd5 Qxd5 25. Rxd5 f6 26. Red1 Rb6 27.
f3 Kf7 28. Rxc5 Rd7 29. Rcd5 Rc6 30. Kf2 g5 31. Ke3 Ke6 32. Ra5 Rb7 33. h4 h6
34. hxg5 fxg5 35. Rh1 Rh7 36. Rxg5 1-0